|
|
|
|
| LEADER |
01096nam a2200301 a 4500 |
| 001 |
001289440 |
| 003 |
CZ BrMZK |
| 005 |
20130510141911.0 |
| 007 |
ta |
| 008 |
130423s1957 xr e 000 0 cze |
| 015 |
|
|
|a cnb000444452
|
| 035 |
|
|
|a (OCoLC)85194836
|
| 040 |
|
|
|a BOA001
|b cze
|
| 080 |
|
|
|a 01
|2 MRF
|
| 080 |
|
|
|a (048.8)
|2 MRF
|
| 100 |
1 |
|
|a Drtina, Jaroslav,
|d 1908-1967
|7 jk01023128
|4 aut
|
| 245 |
1 |
0 |
|a Přehled vývoje a současný stav české, slovenské a světové bibliografie /
|c Jaroslav Drtina
|
| 260 |
|
|
|a Praha :
|b Výzkumný osvětový ústav,
|c 1957
|
| 300 |
|
|
|a 32 s. ;
|c 29 cm
|
| 500 |
|
|
|a 500 výt.
|
| 521 |
8 |
|
|a Pro potřebu 4 letých a 2 letých Osvětových škol
|
| 650 |
0 |
7 |
|a bibliografie
|7 ph118867
|x dějiny
|2 czenas
|
| 655 |
|
7 |
|a přehledy
|7 fd133202
|2 czenas
|
| 856 |
4 |
1 |
|u http://www.digitalniknihovna.cz/mzk/uuid/uuid:42abe630-e25b-11e3-8ee5-005056827e51
|y Digitalizovaný dokument
|x NDK
|
| 910 |
|
|
|a BOA001
|b 4-1303.262
|
| 990 |
|
|
|a BK
|
| 991 |
|
|
|b 201305
|e n
|
| 996 |
6 |
|
|b 2610547851
|c 4-1303.262
|l MZK
|r Sklad / do 1 hodiny
|n 0
|p dar
|w 001324861
|u 000010
|a 1
|e BOA001
|j MZK50
|s P
|